00278nam a2200097 a 450000500170000000800410001705000230005810000180008124500500009926000310014920140414131854.0100817s19uu xx 00 eng d aM 793.73bM17 2008 aMcGill, Nancy aThe Hunchback of Notre Dame :bLook and Find. aIllinois :bDisney,c1996.